00313nam a22001337a 4500003000700000005001700007008004100024082002500065100002900090245001900119260002800138300000800166650000500174MPLRDC20220104143549.0210129b ||||| |||| 00| 0 eng d a947.413 SNZK v.9 c.2 a少年周刊编译中心 a少年周刊c ab吴兴记书社c1991 b平 a